000 01636nam1a2200325 4500
001 RU\NLR\bibl\1511147
005 20260408191053.0
035 _a(NLR Aleph) 001502544
090 _a1798612
_c1798612
100 _a20260201 rusy50
101 0 _arus
102 _aRU
105 _a||||z |||||
200 1 _aМатрицы, векторы и линейные экономические модели
_eсборник задач
_eучебное пособие для студентов высших сельскохозяйственных учебных заведений по агроинженерным специальностям
_fА.Я. Бабудаев, И.Г. Табакова
210 _aМосква
_cИзд-во РГАУ-МСХА
_d2010
215 _d21
313 _aЗадачи для уч.пособия Nзап.36228
463 0 _10011509107
606 1 _aВекторы
_jУчебные издания для высших учебных заведений
_xЗадачи
_xРешение
_92036907
_3RU\NLR\auth\661222885
606 _8rus
_aМатрицы (мат.)
_xЗадачи
_xРешение
_7ca
_jУчебные издания для высших учебных заведений
_3RU\NLR\auth\661262230
_92086103
686 _aВ152.23я73-41
686 _aВ181.141я73-41
700 1 _aБабудаев
_bА. Я.
_gАнатолий Яковлевич
_4070
701 1 _aТабакова
_bИ. Г.
_gИрина Геннадьевна
_4070
801 0 _aRU
_bNLR
_c20100515
_gRCR
801 1 _aRU
_bNLR
_c20100515
852 _aNLR
_j2010-3/15726
942 _cBOOK
980 _aNB